000
00283nam a2200121Ia 4500
008
191201s2013 xx 000 0 und d
100
_a
KOEGELBUFORD, John F.
245
0
_a
Multimedia Systems
260
_a
N. Delhi
_b
Pearson
_c
2013
300
_a
462
650
_a
MCA
942
_2
ddc
_c
BK
999
_c
6401
_d
6401